| Tag |
First Indicator |
Second Indicator |
Subfields |
| LEADER |
00000cam a2200000 4500 |
| 001 |
in00000054807 |
| 005 |
20151008052116.0 |
| 008 |
720403s1958 nyu 00000 eng u |
| 010 |
|
|
|a 58006771
|
| 035 |
|
|
|a (OCoLC)00274346
|
| 035 |
|
|
|9 AAH1721AM
|
| 040 |
|
|
|c KSU
|d TXA
|d UtOrBLW
|
| 049 |
|
|
|a TXAM
|c 1 [292020]
|
| 050 |
|
0 |
|a UG633
|b .H8 1958
|
| 092 |
|
|
|a 358.4
|b H878s
|
| 100 |
1 |
|
|a Hubler, Richard Gibson,
|d 1912-
|
| 245 |
1 |
0 |
|a SAC :
|b the Strategic Air Command.
|
| 250 |
|
|
|a [1st ed.].
|
| 264 |
|
1 |
|a New York :
|b Duell, Sloan and Pearce,
|c [1958]
|
| 300 |
|
|
|a 280 pages ;
|c 21 cm.
|
| 336 |
|
|
|a text
|b txt
|2 rdacontent
|
| 337 |
|
|
|a unmediated
|b n
|2 rdamedia
|
| 338 |
|
|
|a volume
|b nc
|2 rdacarrier
|
| 536 |
|
|
|a Gift of Ben Allen jr. '56.
|
| 610 |
1 |
0 |
|a United States.
|b Air Force.
|b Strategic Air Command.
|
| 999 |
|
|
|a MARS
|
| 999 |
f |
f |
|s fd1ca447-3a4f-38b8-ad7b-8549e6087ea9
|i f2ffd239-a872-3d86-a874-50a13f5d8ed8
|t 0
|